000 01101nam0a22002531 4500
001 rc\885179
005 20260407082944.0
035 _a(NLR Aleph) 006062298
090 _a4922090
_c4922090
100 _a20041129d1984 |||y0rusy50 ca
101 0 _arus
102 _aRU
105 _aa |||||||||
200 1 _aГеология осадочного чехла Белоруссии
_e[Сб. ст.]
_fАН БССР, Ин-т геохимии и геофизики
_g[Ред. В.А. Кузнецов и др.]
210 _aМинск
_cНаука и техника
_d1984
215 _a167 с., 1 л. схем.
_cил.
_d26
320 _aБиблиогр. в конце ст.
702 1 _4340
_7ca
_8rus
_aКузнецов
_bВ. А.
_cд-р геол.-минерал. наук, геохимия
_f1931-2008
_gВладилен Александрович
_3RU\NLR\AUTH\770277701
_92649668
712 0 2 _aИнститут геохимии и геофизики
_cМинск
_3RU\NLR\AUTH\889017
_9290543
801 0 _aRU
_bNLR
_gpsbo
801 1 _aRU
_bELAR
_2rusmarc
852 _aNLR
_j84-7/1195
942 _cBOOK
980 _aNB